000
00237 a2200097 4500
001
14907
100
_a
Gibb H.A.R
245
_a
Ibn battuta travels in Asia and Africa
260
_a
Karachi
_b
Indus publications
_c
090
_c
11674
_d
11674
942
_a
NUST-CAE
_c
M
_c
1863
999
_c
249980
_d
249980